| 000 | 00943nam a22002417a 4500 | ||
|---|---|---|---|
| 999 |
_c79795 _d317072 |
||
| 003 | OSt | ||
| 005 | 20220602100108.0 | ||
| 008 | 220602b2016 jo ||||| |||| 00| 0 ara d | ||
| 020 | _a9789957912888 | ||
| 040 |
_aMa-Un _cMa-Un |
||
| 082 |
_a658.8 _bص م ت _221 |
||
| 100 |
_aالصواف، محفوظ حمدون _989715 |
||
| 245 |
_aالتكامل بين العمليات والتسويق : _bمدخل إستراتيجي / _cمحفوظ حمدون الصواف، شهاب محمد الطه. |
||
| 250 | _aط. 1. | ||
| 260 |
_aعمان، الأردن : _bدار وائل للنشر والتوزيع، _c2016 _m1437 |
||
| 300 |
_a272 ص. : _bإيض. ؛ _c24 سم. |
||
| 504 | _aيشتمل على قائمة ببليوجرافية. | ||
| 650 |
_aإدارة التسويق _989716 |
||
| 650 |
_aالتسويق _989717 |
||
| 650 |
_aالعمليات الإدارية _989718 |
||
| 700 |
_aالطه، شهاب محمد _989719 |
||
| 942 |
_2ddc _cBOOK |
||